000 00773nam a2200229Ia 4500
001 17169
003 GE_BSU
008 181216s||||||||xx |||||||||||||| ||und||
040 _cGE_BSU
080 _a82-93:821.161.1-31
100 _aპრილეჟაევა, მ.პ.
245 _aვოლგაზე
245 _bრომანი
245 _cთარგმ. ელენე გოგოლაშვილმა და ნონა კალანდარიშვილმა. რედ. ვ. ძიძიგური
260 _aთბილისი
260 _bსაბლიტგამი
260 _c1955
300 _a498გვ. : ილ. ; 20სმ
653 _aვოლგაზე
653 _aრომანი
942 _cBK
999 _c50231
_d50231